Statystyki dla Fifa 21 zgadnij jaki to piłkarz dla mexa.cz.1

Kliknij tutaj aby rozwiązać quiz!

Ogólne statystyki

  • Ten quiz został rozwiązany 290 razy
  • Średni wynik to 11 z 15

Statystyki odpowiedzi

podpowiedziPiłkarz% Poprawnych
Kanada LO Bayern 91Davies
93%
Hiszpania LO Barcelona 97Alba
92%
Ghana ŚPD 90 Ikona PrimeEssien
87%
Portugalia N 99 Juventus Summer StarsRonaldo
87%
Korea Południowa LP 89 Tottenham HeadlinersSon
83%
Argentyna ŚP Sevilla 98Acuna
80%
Francja 86 ŚO Real Madryt Złoty RzadkiVarane
78%
Anglia ŚPO 98 Manchester City FOF PTGFoden
74%
Niemcy ŚP 94 Icon MomentsMatthaus
70%
Anglia 92 ŚP Chelsea TOTSMount
69%
Niemcy 90 N Antalyaspor [W fifie 22 w Górniku Zabrze] Fut BirthdayPodolski
67%
Kolumbia N 87 Galatasaray Record BreakerFalcao
56%
Szwecja PP 88 Future StarKulusevski
54%
Rosja PP 90 FOF PTGGolovin
53%
Dania N 93 Fof Nation [Duński Pele xd]Braithwaite
29%

Rozkład punktacji

Percentyl według liczby udzielonych odpowiedzi

Procent ludzi z każdym wynikiem

Twoja historia wyników

Nie rozwiązałeś tego quizu